Library Banner

Interrogating incest: (Record no. 1646)

MARC details
000 -LEADER
fixed length control field 00412nam a2200169Ia 4500
001 - CONTROL NUMBER
control field 1337
008 - FIXED-LENGTH DATA ELEMENTS--GENERAL INFORMATION
fixed length control field 140313s9999 xx 000 0 und d
020 ## - INTERNATIONAL STANDARD BOOK NUMBER
International Standard Book Number 415101042
040 ## - CATALOGING SOURCE
Transcribing agency PK-LaUMT
082 ## - DEWEY DECIMAL CLASSIFICATION NUMBER
Classification number 306.877
Item number BEL-I
100 ## - MAIN ENTRY--PERSONAL NAME
Personal name Vikki Bell
245 ## - TITLE STATEMENT
Title Interrogating incest:
Remainder of title feminism, foucault and the law.
Statement of responsibility, etc Vikki Bell
260 ## - PUBLICATION, DISTRIBUTION, ETC. (IMPRINT)
Date of publication, distribution, etc 1993.
300 ## - PHYSICAL DESCRIPTION
Extent 210 p.
650 ## - SUBJECT ADDED ENTRY--TOPICAL TERM
Topical term or geographic name as entry element Feminist theory
942 ## - ADDED ENTRY ELEMENTS (KOHA)
Koha item type Books
Holdings
Withdrawn status Lost status Damaged status Not for loan Home library Current library Date acquired Total Checkouts Full call number Barcode Date last seen Price effective from Koha item type
        UMT Main Campus UMT Main Campus 2014-03-13   306.877 BEL-I 35488 2014-03-13 2014-03-13 Books